|
|
|
|
| LEADER |
02228nam a2200433 a 4500 |
| 001 |
mzk03001056065 |
| 003 |
CZ BrMZK |
| 005 |
20130226160013.0 |
| 007 |
ta |
| 008 |
071012s1581 gw a fr|||||00| ||latod |
| 040 |
|
|
|a BOA001
|b cze
|
| 041 |
0 |
|
|a lat
|a grc
|
| 072 |
|
7 |
|a 094
|x Staré tisky
|2 Konspekt
|9 12
|
| 080 |
|
|
|a (0.068)094
|2 MRF
|
| 100 |
0 |
|
|a Vergilius,
|d 70 př. Kr.-19 př. Kr.
|7 jn19981002320
|4 aut
|
| 245 |
1 |
0 |
|a [Opera Bvcolicon Georgicon Aeneis Argumentis Et Scholiis Virorvm Doctissimorvm illustrata :
|b cum indicatione diuersń scripturń, partim ex castigatiss. quibusq[ue] exemplaribus, partim ex libro veteri manuscripto. Qvibvs Accesservnt Et alia quńdam cum Virgilij tum aliorum poemata, lectioni & studio iuuentutis scholasticń profutura. Omnia in hoc volumen congesta, & accuratius quam antea /
|c Virgilii Maronis ; edita studio & opera Gragor. Bersmani ]
|
| 260 |
|
|
|a [Lipsiae :
|b Ioannes Steinmann,
|c 1581]
|
| 300 |
|
|
|a [45], 3-836, [2] s. ;
|c 8°
|
| 500 |
|
|
|a Rukopisné poznámky v textu
|
| 500 |
|
|
|a Výzdoba: Iniciály, viněty, dřevořezy v textu (signováno MB)
|
| 510 |
3 |
|
|a DNB
|
| 546 |
|
|
|a V latinském textu řecké pasáže
|
| 561 |
|
|
|a Provenience: Nonis Petruain Martinus Valentinus Meixner Morauus Neistadiensis Febrarij 1648 Poeta Cutter Possesor Huius Libri
|
| 561 |
|
|
|a Provenience: [razítko] Iglauer Gymnasium Schüler-Bibliothek
|
| 561 |
|
|
|a Provenience: [razítko] Jez. Jihlava
|
| 561 |
|
|
|a Provenience: [razítko] Jglauer Gymnasium
|
| 563 |
|
|
|a Původní kožená vazba, dřevěné desky, vepřovice se slepotiskem, hlavičky bez legend, defektní mosazné spony, poškozená a rozlomená přední deska
|
| 590 |
|
|
|a Chybí titulní strana, strany 1/2, 15/16, 37/38, 59/60, 105/106, 287/288, 355/356, 641/642 a poslední list
|
| 655 |
|
7 |
|a staré tisky
|7 fd422076
|2 czenas
|
| 700 |
1 |
|
|a Bersmann, Gregor,
|d 1538-1611
|7 mzk2007417270
|4 pbl
|
| 903 |
|
|
|a RP
|
| 910 |
|
|
|a BOA001
|b ST1-0087.452
|
| 978 |
|
|
|b Steinmann, Hans
|a Leipzig
|c 1581
|
| 984 |
|
|
|a Lipsko
|b Německo
|
| 985 |
|
|
|a 1551-1600
|
| 990 |
|
|
|a BK
|
| 993 |
|
|
|a Y
|
| 991 |
|
|
|k mzk
|
| 996 |
6 |
|
|b 2619274583
|c ST1-0087.452
|l stud. ST
|r Sklad / do násl. otevíracího dne
|n 0
|w 001056072
|u 000010
|a 1
|e BOA001
|s P
|